Pueblada /

Guardado en:
Autor Principal: Arens, Germán R.
Formato: Libro
Idioma:Undetermined
Publicado: Buenos Aires : En Danza, 2008.
Materias:
Etiquetas: Agregar Etiqueta
Sin Etiquetas, Sea el primero en etiquetar este registro!
LEADER 00556nam a22002055a 4500
001 CEM.cems018772
008 210803s2008####ag############000#0#und#d
005 20210803102247.0
003 CEMS
245 1 0 |a Pueblada /  |c Germán R. Arens. 
260 |a Buenos Aires :  |b En Danza,  |c 2008. 
300 |a 80 p. 
020 |a 9789871118458 
100 1 |a Arens, Germán R. 
650 7 |a Literatura 
650 7 |a Literatura argentina 
650 7 |a Autor bahiense 
650 7 |a Poesía bahiense 
650 7 |a Poesía 
859 |a CEMS  |b BIB. CEMS - 11 de abril  |h A861.4  |i Ar336  |p 29047.20